Indianské typy

Bibliographic Details
Main Author: Canedi, Francesco (Author)
Format: Article
Language:Slovak
Subjects:

MARC

LEADER 00000nab a22000001a 4500
001 vtls008997154
003 SK-MaSNL
005 20260303065759.0
008 070607d191807 xo |r|p|||| |000 b|slo
015 |a SNBRRBVU1918-1938 
038 |a SNKBUCL 
040 |a SNKBUVU  |b slo  |c SNKBUCL  |e AACR2 
041 0 |a slo 
044 |a xo  |c SK 
080 |a 75.05:741/744  |2 MM 
080 |a 741/744  |2 MM 
100 1 |a Canedi, Francesco  |4 aut  |9 1066300 
245 1 0 |a Indianské typy  |c Canedi 
650 0 7 |a talianske maliarstvo  |2 MM  |9 3126 
650 0 7 |a kresby  |2 MM  |9 30084 
655 7 |a reprodukcie výtvarných diel  |2 MM  |9 310790 
773 0 |t Hlasy z katolíckych misií  |g Roč. 4, č. 7-8 (1918), s. 88 
852 |a SNK  |b KIS3GCP 
910 |a snkrbvumm 
958 |a VY 
958 |a IT 
999 |c 1752673  |d 1754603